|
|
|
|
| LEADER |
01714nam a2200385Ia 4500 |
| 001 |
9781135782146 |
| 003 |
FlBoTFG |
| 005 |
20100903141255.0 |
| 006 |
a|||||s||||||||||| |
| 007 |
cr|||| |
| 008 |
100817s1993 enkabef sb 001 0deng d |
| 020 |
|
|
|a 9780203481103 (e-book : PDF)
|
| 040 |
|
|
|a FlBoTFG
|c FlBoTFG
|d GrThAP
|
| 043 |
|
|
|a e-uk---
|
| 090 |
|
|
|a DA145
|b .W43 1993
|
| 092 |
|
|
|a 936.203
|b W379
|
| 100 |
1 |
|
|a Webster, Graham,
|d 1915-2001.
|
| 245 |
1 |
0 |
|a Rome against Caratacus
|h [electronic resource] :
|b the Roman campaigns in Britain, AD 48-58 /
|c [Graham Webster].
|
| 250 |
|
|
|a Rev. ed.
|
| 260 |
|
|
|a London :
|b B.T. Batsford,
|c 1993.
|
| 300 |
|
|
|a 181 p., [16] p. of plates :
|b ill., maps, plans ;
|c [ca. 23-29] cm.
|
| 490 |
1 |
|
|a Roman conquest of Britain
|
| 504 |
|
|
|a Includes bibliographical references (p. 147-169) and index.
|
| 505 |
0 |
|
|a Introduction -- The last stand of Caratacus -- The Scapulan frontier : the legionary fortresses and the sea routes -- The Scapulan frontier : the land routes -- Aulus Didius Gallus and the northern advance -- The advance under Quintus Veranius.
|
| 530 |
|
|
|a Also available in print edition.
|
| 533 |
|
|
|a Electronic reproduction.
|b [London, Eng. :
|b Taylor and Francis,
|d 2010].
|n PDF file created from digital scan of print book.
|
| 600 |
0 |
0 |
|a Caractacus,
|d fl. 48-51.
|
| 650 |
|
0 |
|a Romans
|z Great Britain.
|
| 651 |
|
0 |
|a Great Britain
|x History
|y Roman period, 55 B.C.-449 A.D.
|
| 651 |
|
0 |
|a Great Britain
|x History, Military
|y 55 B.C.-449 A.D.
|
| 655 |
|
7 |
|a Electronic books.
|2 lcsh
|
| 776 |
1 |
|
|z 0713472545
|
| 776 |
1 |
|
|z 9780713472547
|
| 830 |
|
0 |
|a Roman conquest of Britain.
|
| 856 |
4 |
0 |
|u http://www.tandfebooks.com/isbn/9780203481103
|z Full Text via HEAL-Link
|